PLATUN HARIMAU : (Record no. 197276)

MARC details
000 -LEADER
fixed length control field 01293nam a2200325 ia4500
003 - CONTROL NUMBER IDENTIFIER
control field OSt
005 - DATE AND TIME OF LATEST TRANSACTION
control field 20241022131441.0
008 - FIXED-LENGTH DATA ELEMENTS--GENERAL INFORMATION
fixed length control field 241022t20242024my ao gr 000 f may d
020 ## - INTERNATIONAL STANDARD BOOK NUMBER
International Standard Book Number 9789672686286
Terms of availability RM 38.40
Qualifying information paperback
040 ## - CATALOGING SOURCE
Original cataloging agency PPAK
Language of cataloging eng
Transcribing agency PPAK
Description conventions rda
082 04 - DEWEY DECIMAL CLASSIFICATION NUMBER
Classification number 899.2333
Edition number 23
090 00 - LOCALLY ASSIGNED LC-TYPE CALL NUMBER (OCLC); LOCAL CALL NUMBER (RLIN)
Classification number (OCLC) (R) ; Classification number, CALL (RLIN) (NR) 899.2333
Feature heading MOH
Feature heading K
100 0# - MAIN ENTRY--PERSONAL NAME
Personal name Mohd. Radzi Abdul Hamid,
Titles and words associated with a name Brig. Jen., Dato', Dr.,
Dates associated with a name 1966-
Relator term author.
245 10 - TITLE STATEMENT
Title PLATUN HARIMAU :
Remainder of title dalam kisah LT FAUZI DI PANAH PETIR DI GUNUNG TAHAN (Berdasarkan kisah benar) /
Statement of responsibility, etc. BRIG JEN DATO' DR MOHD RADZI B. ABDUL HAMID, MC ; Lukisan & Susun Atur : Pena Celoreng.
264 #1 - PRODUCTION, PUBLICATION, DISTRIBUTION, MANUFACTURE, AND COPYRIGHT NOTICE
Place of production, publication, distribution, manufacture Seremban, Negeri Sembilan :
Name of producer, publisher, distributor, manufacturer PENA CELORENG PUBLISHER,
Date of production, publication, distribution, manufacture, or copyright notice 2024
Date of production, publication, distribution, manufacture, or copyright notice ©2024
300 ## - PHYSICAL DESCRIPTION
Extent 41 pages :
Other physical details colour illustrations, colour photographs ;
Dimensions 18 cm
336 ## - CONTENT TYPE
Content type term text
Source rdacontent
Content type term still image
Source rdacontent
337 ## - MEDIA TYPE
Media type term unmediated
Source rdamedia
338 ## - CARRIER TYPE
Carrier type term volume
Source rdacarrier
490 1# - SERIES STATEMENT
Series statement Siri Jati Diri, Patriotisme dan Kenegaraan
504 ## - BIBLIOGRAPHY, ETC. NOTE
Bibliography, etc. note Includes bibliographical references.
650 10 - SUBJECT ADDED ENTRY--TOPICAL TERM
Topical term or geographic name entry element Malay fiction
Topical term or geographic name entry element Malaysian fiction (Malay)
Topical term or geographic name entry element Children's stories, Malay
710 #2 - ADDED ENTRY--CORPORATE NAME
Corporate name or jurisdiction name as entry element Pena Celoreng,
Relator term ilustrator.
830 #0 - SERIES ADDED ENTRY--UNIFORM TITLE
Uniform title Siri Jati Diri, Patriotisme dan Kenegaraan
942 ## - ADDED ENTRY ELEMENTS (KOHA)
Source of classification or shelving scheme Dewey Decimal Classification
Koha item type Book
Holdings
Withdrawn Not for loan Current library Shelving location Date acquired Total Checkouts Full call number Barcode Date last seen Koha item type
    Perpustakaan Alor Setar Pinjaman Dewasa 10/11/2024   899.2333 MOH A01843075 10/11/2024 Book
    Perpustakaan Awam Sungai Petani Pinjaman Dewasa 10/11/2024   899.2333 MOH A01843076 10/11/2024 Book
    Perpustakaan Baling Pinjaman Dewasa 10/11/2024   899.2333 MOH A01843080 10/11/2024 Book
    Perpustakaan Bandar Baharu Pinjaman Dewasa 10/11/2024   899.2333 MOH A01843081 10/11/2024 Book
    Perpustakaan Jitra Pinjaman Dewasa 10/11/2024   899.2333 MOH A01843077 10/11/2024 Book
    Perpustakaan Kuala Nerang Pinjaman Dewasa 10/11/2024   899.2333 MOH A01843085 10/11/2024 Book
    Perpustakaan Kulim Pinjaman Dewasa 10/11/2024   899.2333 MOH A01843079 10/11/2024 Book
    Perpustakaan Langkawi Pinjaman Dewasa 10/11/2024   899.2333 MOH A01843078 10/11/2024 Book
    Perpustakaan Merbok Pinjaman Dewasa 10/11/2024   899.2333 MOH A01843082 10/11/2024 Book
    Perpustakaan Pendang Pinjaman Dewasa 10/11/2024   899.2333 MOH A01843086 10/11/2024 Book
    Perpustakaan Sik Pinjaman Dewasa 10/11/2024   899.2333 MOH A01843084 10/11/2024 Book
    Perpustakaan Yan Pinjaman Dewasa 10/11/2024   899.2333 MOH A01843083 10/11/2024 Book